000 01023nam a2200265Ia 4500
003 OSt
005 20221005105122.0
006 a|||||r|||| 00| 0
007 ta
008 221004b |||||||| |||| 00| 0 hin d
020 _a9788189407209 (hbk)
_c190
024 _a25142
037 _b393, 17/03/2016, Eastern Book Linkers
_cTextual
040 _aCRL
_cCRL
_bhin
041 _2hin
_ahin
082 _aV2:51wN5, 152Q3
100 _aआर्या, मन्जू
245 0 _aस्वतंत्रता संग्राम के शहीदों की गौरव गाथा
246 _aSvatantratā sangrām ke shahīdoan kī gaurav gāthā
260 _aदिल्ली
_bहिन्दी विश्व भारती भारत
_c2013
300 _a143पृ0
_ccm.
650 _aविश्व-इतिहास
942 _hV2:51wN5, 152Q3
_cTEXL
_2cc
999 _c1014814
_d1014814